000 01064cam a22003373a 4500
001 0000777
003 DO-SdBPM
005 20260430101713.0
007 ta
008 8611122014 rd a 000 0 spa d
010 _a
020 _a9789945497083
040 _aDO-SdBPM
_cspa
_dBPMSU
_d
_erda
_bspa
082 0 4 _aA863.6
_bF375r 2014
_222
100 1 _aFerrari, Andrea
_d1961-
_eautor
_4aut.
245 1 3 _aLa rebelión de las palabras /
_cAndrea Ferrari ; ilustraciones Carlus Rodríguez.
250 _a
264 _aBuenos Aires, Argentina :
_bAlfaguara,
_c2014
300 _a99 páginas :
_bilustración
_c20 cm.
336 _atexto
_btxt
_2rdacontent
337 _asin mediación
_bn
_2rdamedia
338 _avolumen
_bnc
_2rdacarrier
490 0 _aAlfaguara infantil
500 _aA partir de 10 años.
590 _aInventariado, 2026/VM
650 7 _aNovela juvenil argentina
650 7 _aLiteratura juvenil argentina
700 1 _aRodríguez, Carlus
_eilustración
910 _aVMateo V. Control de calidad. BPMSU
942 _2ddc
_cBK
999 _c15809
_d15809